La irrupción de la subjetividad moderna

El estudio de la subjetividad es el elemento que entraña las bases epistemológicas, ontológicas y éticas de esta convulsa época. Es precisamente la atención a esta subjetividad el input irruptivo de la modernidad con épocas anteriores: el sujeto determina al objeto y no al contrario. Entre una selec...

Descripció completa

Guardat en:
Dades bibliogràfiques
Autor principal: Corona Fernández, Javier
Format: Llibre
Idioma:Spanish
Publicat: México Universidad de Guanajuato 2007
Matèries:
Etiquetes: Afegir etiqueta
Sense etiquetes, Sigues el primer a etiquetar aquest registre!

MARC

LEADER 00000nam a22000007a 4500
008 180625b xxu||||| |||| 00| 0 spa d
040 |a cru BVZT 
090 |a 100 C-42.2i  
100 |a Corona Fernández, Javier  
245 |a La irrupción de la subjetividad moderna  |c Javier Corona Fernández 
260 |a México   |b Universidad de Guanajuato  |c 2007 
300 |a 136 páginas 
520 |a El estudio de la subjetividad es el elemento que entraña las bases epistemológicas, ontológicas y éticas de esta convulsa época. Es precisamente la atención a esta subjetividad el input irruptivo de la modernidad con épocas anteriores: el sujeto determina al objeto y no al contrario. Entre una selección de pensadores modernos de incuestionable trascendencia filosófica, trabaja el problema cartesiano de las naturalezas simples, elabora una aproximación al concepto de “tiempo” en Leibniz, analiza el problema de la identidad personal en Hume, el origen pasional del lenguaje según Rousseau y las facultades del espíritu desde la filosofía kantiana. 
650 |a FILOSOFÍA   |9 5 
650 |a LA SUBJETIVIDAD  
650 |a MÉTODO CARTESIANO  
650 |a CONCEPTO DE TIEMPO - LEIBNIZ  
650 |a HUME - EL PROBLEMA DE LA IDENTIDAD PERSONAL  
650 |a EL SUJETO INDIVIDUAL  
650 |a ROUSSEAU - LENGUAJE 
650 |a KANT - FACULTADES DEL ESPÍRITU  
650 |a KANT - FACULTADES DEL ESPÍRITU  
999 |c 30539  |d 30539 
942 |c LIB  |h 100 C-42.2i   |2 z